000 00338 a2200157 4500
001 192933
020 _a85-16-03505-0
040 _cMagnum
100 _aBelinky, Tatiana
240 1 0 _aTransplante de menina
_lpor
245 1 0 _aTransplante de menina
300 _a160
362 0 _a2003
697 _aLITERATURA JUVENIL
942 _cBK
999 _c192933
_d192933